Statistics for Что обозначают эти символы?

Click here to take the quiz!

General Stats

  • This quiz has been taken 1 255 times
  • The average score is 10 of 25

Answer Stats

Answer% Correct
Сердце
92%
Инь и Янь
85%
Бесконечность
84%
Пи
77%
Коммунизм
67%
Подкова
62%
Ислам
57%
Bluetooth
57%
Переработка
49%
Кленовый лист
48%
Якорь
45%
Атом
43%
Звезда Давида
35%
Мир
33%
Медицина
31%
Скрипичный ключ
28%
Анархия
26%
Квадратный корень
21%
Спираль
20%
Пираты
17%
Радиоактивность
9%
Анх
7%
Биологическая опасность
4%
Женский символ
4%
Мужской символ
3%

Score Distribution

Percentile by Number Answered

Percent of People with Each Score

Your Score History

You have not taken this quiz